| 000 | 01006pam a2200289 a 4500 | ||
|---|---|---|---|
| 001 | 515117 | ||
| 003 | ARRUPE | ||
| 005 | 20140924133719.0 | ||
| 008 | 860108s1986 nyu 001 0 eng | ||
| 010 | _a 86000718 | ||
| 020 | _a088344254X (pbk.) | ||
| 040 |
_aDLC _cDLC _dDLC |
||
| 050 | 0 | 0 |
_aBS2565 _b.D65 1986 |
| 082 | 0 | 0 |
_a242/.5 _219 |
| 100 | 1 |
_aDonders, Joseph G. _911537 |
|
| 245 | 1 | 0 |
_aChrist the divine network : _breflections on the Gospels for the A-cycle / _cJoseph G. Donders. |
| 260 |
_aMaryknoll, N.Y. : _bOrbis Books, _cc1986. |
||
| 300 |
_avi, 218 p. ; _c21 cm. |
||
| 500 | _aIncludes index. | ||
| 610 | 2 | 0 |
_aCatholic Church _vPrayers and devotions. _911538 |
| 610 | 2 | 0 |
_aCatholic Church. _tLectionary for Mass (U.S.). _nYear A. _911539 |
| 630 | 0 | 0 |
_aBible. _pGospels _vLiturgical lessons, English. _911540 |
| 630 | 0 | 0 |
_aBible. _pGospels _vMeditations. _911541 |
| 650 | 0 |
_aChurch year meditations. _97430 |
|
| 906 |
_a7 _bcbc _corignew _d1 _eocip _f19 _gy-gencatlg |
||
| 942 |
_2lcc _cMONOGRAPH |
||
| 999 |
_c120923 _d120923 |
||